| 000 | 00524nam a22001697a 4500 | ||
|---|---|---|---|
| 003 | NUST - PNEC | ||
| 005 | 20170116180921.0 | ||
| 008 | 150904b xxu||||| |||| 00| 0 eng d | ||
| 020 | _a0884157903 | ||
| 040 | _cLIBRARY | ||
| 082 | _a621 POP | ||
| 100 |
_97803 _aPope, J. Edward |
||
| 245 |
_aRules of thumb for mechanical engineers : A manual of quick, accurate solutions to everyday mechanical engineering problems _cJ. Edward Pope |
||
| 260 | _cc.1997 | ||
| 650 |
_97806 _aMechanical Engineering _xME |
||
| 942 |
_2ddc _cBK |
||
| 999 |
_c65635 _d65635 |
||